Dalits in education and workforce (Record no. 53160)

000 -LEADER
fixed length control field 00744pab a2200157 454500
008 - FIXED-LENGTH DATA ELEMENTS--GENERAL INFORMATION
fixed length control field 180718b2002 xxu||||| |||| 00| 0 eng d
100 ## - MAIN ENTRY--PERSONAL NAME
Personal name Rao, S. Srinivasa
245 ## - TITLE STATEMENT
Title Dalits in education and workforce
260 ## - PUBLICATION, DISTRIBUTION, ETC.
Date of publication, distribution, etc. 2002
300 ## - PHYSICAL DESCRIPTION
Extent p.2998-3000.
362 ## - DATES OF PUBLICATION AND/OR SEQUENTIAL DESIGNATION
Dates of publication and/or sequential designation 20 Jul
520 ## - SUMMARY, ETC.
Summary, etc. Despite constitutional provisions and safeguards, dalit representation in higher educational institutes and in the workforce remains largely minimal. State intiated programmes and policies apart, it is also essential, as a recent conference in Bhopal highlighted, to instill respect for diversity and a greater understanding of the disadvantaged. - Reproduced.
650 ## - SUBJECT ADDED ENTRY--TOPICAL TERM
Topical term or geographic name entry element Backward classes
773 ## - HOST ITEM ENTRY
Main entry heading Economic and Political Weekly
909 ## -
-- 53160
Holdings
Withdrawn status Lost status Damaged status Not for loan Permanent Location Current Location Date acquired Serial Enumeration / chronology Barcode Date last seen Price effective from Koha item type
        Indian Institute of Public Administration Indian Institute of Public Administration 2018-07-19 Volume no: 37, Issue no: 29 AR53597 2018-07-19 2018-07-19 Articles

Powered by Koha